000 00589nam a2200181Ia 4500
008 100920s9999 xx 000 0 und d
082 _b79620
_a--- न 01
100 _aअनु. हुद्दार मधुकर./ चेस हॅडली जेम्स
245 _aमृगजळ.
260 _bप्राजक्त प्रकाशन, पुणे.
_c2001
300 _a135
_bसाधी
365 _b120
520 _aकादंबरी.
630 _aमृगजळ.
650 _aकादंबरी.
730 _aमृगजळ.
942 _cBOOK
999 _c720609
_d720606